000 00320nam a22001457a 4500
008 230717b ||||| |||| 00| 0 eng d
020 _a9781133365822
041 _aeng
080 _a51
082 _a51AUF
100 _a23
101 _aMATM
245 _aINTRODUCTORY ALGEBRA
_cAUFMANN & LOCKWOOD
942 _2udc
_cBK
999 _c60143
_d60143